009250000a2200109000450024500570000030000530005752005410011077300490065194200080070095200900070899900170079810aEstructura detrás de la Ciencia y la Tecnología. aVol.0, núm. 10 (Febrero-Abril., 2008) Pág. 6 aLa consolidación de la investigación en las universidades del país y la formación de doctores y jóvenes investigadores han sido dos de los aportes más significativos del Sistema Nacional de Ciencias, Tecnología e Innovación a lo largo de sus 16 años de funcionamiento. A estos logros se añaden el desarrollo de sistemas de información y el apoyo a Centros desarrollo de sistemas de información y e apoyo a Centros de Investigación de Excelencia, que trabajan en líneas estratégicas para el futuro nacional.0 tEducación superior : Boletín informativo cANA 001040708HEMaFUSBCbFUSBCd2016-01-26l0o r2016-01-26 00:00:00w2016-01-26yANA c63466d63466